000 00380 a2200097 4500
245 0 0 _aMorskie odbiorniki jednowstęgowe - Podstawowe parametry, wymagania techniczne i metody pomiarowe PN-84/T-06254 /
_cMin. Przem. Maszynowego.
246 1 3 _aPN-84/T-06254
246 1 3 _a621.396.62:629.12.018.76
260 _aWarszawa :
_bMin. Przem. Maszynowego,
_c1984.
300 _a11 stron ;
_c30 cm.
650 _aPolska norma
999 _c21466
_d21466